02832nam a22003617i 4500001000800000003001000008007000500018008004100023040003500064041000800099043000700107084000700114100004600121245014500167264001100312300004300323336002700366337003300393338002800426504004200454520154000496650003102036650002202067650002302089650002602112651002202138700003102160773007302191942000902264952017402273999001702447999000602464B-12628CO-BoFNCPt|| 091005s2009 my a f z eng d aCO-BoFNCPbspacCO-BoFNCPerda aeng amy aA-1 aSenarathne, S. H. S.941878,eautor.4aut10aComparison of different types of herbicides on the succession of weed population and seed bank composition in tropical coconut plantations. 4c©2009 apáginas 13-22 :bTablas, gráficos. atextobtxt2rdacontent asin mediaciónbn2rdamedia avolumenbnc2rdacarrier aIncluye referencias bibliográficas. aWeeds are a perennial problem in coconut plantations and causes significant losses in terms of nut yield. A field experiment was conducted to find out the effect of two different herbicides on weed control and seedling emergence pattern in coconut plantations in the low country dry zone in Sri Lanka. The treatments comprised two types of the standard market available glyphosate (T1) and paraquat (T2). All the treatments were applied twice a year. Based on a reduction in weed biomass, application of glyphosate (T1) was very effective in reducing the total weed population. The effectiveness of paraquat application was low in reducing monocot weeds compared with glyphosate. Application of glyphosate was the best method to reduce weed seedling emergence density in the field. The effectiveness of paraquat was low in reducing monocotyledonous seedling emergence density than glyphosate. Both herbicide are very effective in reducing dicotyledonous seed count in two top soil layers. The total germinating weed seed count was reduced by 94-7 percent, 92-8 percent and 57-4 percent, 40.2 percent in two top soil layers (0-5 cm and 5-10 cm) in glyphosate and paraquat applied plots respectively. This suggests that glyphosate was more effective in managing both types of weed species. Considering all the soil layers, the decline in germinating weed seed count was very high in application of glyphosate treatment plots thus this was considered the best practice to reduce germinating weed seed count in soil of coconut plantations. 0aControl de malezas930046. 0aGlifosato.911525 0aHerbicidas.912486 0aPalma de coco940119. 0925313aSri lanka.1 aSangakkara, U. R. 941879.0 aThe Planter (Malasia)gv. 85, no. 994 (2009), p.13-22wA-x0126-575x 2zc1 00102z4070a2b2d2013-10-21hThe Planter (Malasia). v. 85, no. 994 (2009), p.13-22. ST-A-, ISSN: 0126-575xl0oA-pR-12628r2013-10-21 00:00:00tEj. 1w2013-10-21y1 c26600d26600 z1